|
|
|
|
| LEADER |
01865nam a2200481 a 4500 |
| 001 |
000052865 |
| 003 |
CZ BrMZK |
| 005 |
20201113141618.0 |
| 007 |
ta |
| 008 |
030405s1995 xr a f |||| 0 cze d |
| 015 |
|
|
|a cnb000114513
|
| 020 |
|
|
|a 80-85773-42-2
|q (brož.)
|
| 035 |
|
|
|a (OCoLC)84907818
|
| 040 |
|
|
|a ABA001
|b cze
|d BOA001
|
| 041 |
1 |
|
|a cze
|h ger
|
| 072 |
|
7 |
|a 821.112.2-3
|x Německá próza, německy psaná
|2 Konspekt
|9 25
|
| 072 |
|
7 |
|a 821-93
|x Literatura pro děti a mládež (beletrie)
|2 Konspekt
|9 26
|
| 080 |
|
|
|a 821.112.2-32
|2 MRF
|
| 080 |
|
|
|a 821-93
|2 MRF
|
| 080 |
|
|
|a (0:82-32)
|2 MRF
|
| 100 |
1 |
|
|a May, Karl,
|d 1842-1912
|7 jn19990005499
|4 aut
|
| 240 |
1 |
0 |
|a Geist des Llano Estacado.
|l Česky
|7 aun2012692948
|
| 245 |
1 |
0 |
|a Duch prérie :
|b povídka z Dalekého západu /
|c Karel May ; [ilustroval Zdeněk Burian]
|
| 246 |
3 |
|
|a Mezi supy
|
| 246 |
3 |
|
|a Duch Llana Estacada
|
| 260 |
|
|
|a Praha :
|b Toužimský a Moravec,
|c 1995
|
| 300 |
|
|
|a 234 s. :
|b il. ;
|c 21 cm
|
| 490 |
1 |
|
|a Velká řada ;
|v 6
|
| 500 |
|
|
|a Cyklus Mezi supy II
|
| 500 |
|
|
|a Vyšlo též pod názvem Duch Llana Estacada
|
| 500 |
|
|
|a Jaz. úprava Gustav Kadlec ; graf. úprava Michaela Vydrová
|
| 500 |
|
|
|a Přeloženo z němčiny
|
| 655 |
|
7 |
|a německé povídky
|7 fd132942
|2 czenas
|
| 655 |
|
7 |
|a publikace pro mládež
|7 fd133157
|2 czenas
|
| 700 |
1 |
|
|a Burian, Zdeněk,
|d 1905-1981
|7 jk01020396
|4 ill
|
| 700 |
1 |
|
|a Kadlec, Gustav
|7 mzk2006377270
|4 wfw
|
| 700 |
1 |
|
|a Vydrová, Michaela
|7 jx20031130172
|4 art
|
| 830 |
|
0 |
|a Velká řada (Toužimský & Moravec)
|0 s
|
| 910 |
|
|
|a BOA001
|b 2-1014.772
|b PK-0124.592
|
| 920 |
|
|
|a PK-0124.592
|
| 990 |
|
|
|a BK
|
| 996 |
6 |
|
|b 2610028855
|c 2-1014.772
|l MZK
|r Sklad / do 1 hodiny
|n 6
|p p.v.
|w 000052865
|u 000010
|a 1
|e BOA001
|j MZK50
|s P
|
| 996 |
7 |
|
|b 3119002467
|c PK-0124.592
|l MZK
|r Sklad / do 1 hodiny
|n 2
|p kup
|w 000052865
|u 000020
|a 1
|e BOA001
|j MZK50
|s A
|